Na slávu zvoní slovo- zborník materiálov k 55. výročiu založenia KSČ

Bibliographic Details
Other Authors: Brnoliak, Stanislav (Compiler)
Format: Book
Language:Slovak
PhysicalDescription:66 s. 29 cm
Published: Košice Osvetové stredisko mesta Košíc 1976
Series:Amatér
Subjects:

MARC

LEADER 00000nam a2200000 a 4500
001 vtls001217451
003 SK-MaSNL
005 20260301234015.0
008 251113s1976 xo a 0 slo
020 |c b.c. 
035 |a SNK000160594 
040 |a SNK  |b slo  |c SNK  |e AACR2 
041 0 |a slo 
044 |a xo  |c SK 
080 |a 885.4-2  |2 1981 
245 1 |a Na slávu zvoní slovo-  |b zborník materiálov k 55. výročiu založenia KSČ  |c [zostavil Stanislav Brnoliak] 
260 |a Košice  |b Osvetové stredisko mesta Košíc  |c 1976 
300 |a 66 s.  |c 29 cm 
490 1 |a Amatér  |v 13/76 
610 7 |a Komunistická strana Československa  |2 SNK  |9 32256 
650 0 7 |a literárne pásma  |2 SNK  |9 279161 
700 1 |a Brnoliak, Stanislav  |4 com  |9 629396 
830 0 |a Amatér  |9 629397 
958 |a OND 
999 |c 968581  |d 970511 
952 |a SNK  |b SNK  |y PREZ  |7 0  |p 17A0932772  |o snkSB 23358   |0 0  |1 0  |4 0  |d 2012-07-25  |f 1  |l 0  |r 2025-03-26 00:00:00  |w 2026-02-24 
952 |t P60, <03>, [BOOK], {603}  |a SNK  |b SNK  |y PREZ  |7 0  |o snkSB 23358  |i snkKSP 2459/76  |0 0  |1 0  |4 0  |d 1996-05-20  |l 0  |r 2005-01-01 00:00:00  |w 2026-02-24 
952 |t P60, <04>, [BOOK], {604}  |a SNK  |b SNK  |y VYP  |7 0  |p 17A0005128  |o snkSB 23358 D1  |i snkD 436/96  |0 0  |1 0  |4 0  |d 1996-05-20  |l 0  |r 2005-01-01 00:00:00  |w 2026-02-24